| 000 | 00619nam a22001817a 4500 | ||
|---|---|---|---|
| 999 |
_c170116 _d170116 |
||
| 005 | 20210901153751.0 | ||
| 010 | _aENG-127068 ENG-129815 | ||
| 020 |
_c225.00 _a9788194290308 |
||
| 035 | _aEN-110600 EN-113347 | ||
| 037 | _bDBAD/PUB | ||
| 082 | _a921 | ||
| 100 | _aPrakasam, V. | ||
| 245 |
_aMy mother, me and my wife : _cby V. Prakasam _ba cognizography in rambling realism / |
||
| 260 |
_aNew Delhi _bAllied Publishers _c2019 |
||
| 270 |
_a1/13,-14, Asaf Ali Road _bNew Delhi _e110002 _mbooks@alliedpublishers.com _k011-23239001 |
||
| 300 |
_axix;160p. _c21cm(pbk) |
||
| 942 |
_2ddc _cEN _h921 _mPRA |
||